| 000 | 00463nam a2200193Ia 4500 | ||
|---|---|---|---|
| 005 | 20240823022144.0 | ||
| 008 | 240823s9999||||xx |||||||||||||| ||und|| | ||
| 020 | _a0-07-113995-8 | ||
| 041 | _aENGLISH | ||
| 082 | _A006.7 N7 | ||
| 100 | _a"Szuprowicz,Bohdan O" | ||
| 245 | 0 | _aMultimedia Networking | |
| 250 | _a1st | ||
| 260 |
_c1995 _b"MGH,New" |
||
| 500 | _aTRANSFERED | ||
| 650 |
_aMultimedia _bInformation Technology |
||
| 942 | _cBK | ||
| 999 |
_c178486 _d178486 |
||